000 00661nam a2200181Ia 4500
008 100920s9999 xx 000 0 und d
082 _b106582
_a491.462 0
100 _aदारव्हेकर पुरूषोत्तम.
245 _aकट्यार काळजात घुसली.
260 _bवासुदेव निवास प्रकाशन , पुणे.
_c0
300 _a120
_bसाधी
365 _b0
520 _aनाटक.
630 _aकट्यार काळजात घुसली.
650 _aनाटक.
730 _aकट्यार काळजात घुसली.
942 _cBOOK
999 _c747007
_d747004